Normal view
MARC view
- الاتصال-مبادئ الاتصال التربوي والانساني
Entry Topical Term
001 - CONTROL NUMBER
- control field: 31381
003 - CONTROL NUMBER IDENTIFIER
- control field: JO-AjAnu
005 - DATE AND TIME OF LATEST TRANSACTION
- control field: 20230606075302.0
008 - FIXED-LENGTH DATA ELEMENTS
- fixed length control field: 230606|| aca||aabn | a|a d
040 ## - CATALOGING SOURCE
- Original cataloging agency: JO-AjAnu
- Transcribing agency: JO-AjAnu
150 ## - HEADING--TOPICAL TERM
- Topical term or geographic name entry element: الاتصال-مبادئ الاتصال التربوي والانساني
670 ## - SOURCE DATA FOUND
- Source citation: Work cat.: (JO-AjAnu)16114: نصر الله,عمر عبد الرحيم تأليف, author 31380, مبادئ الاتصال التربوي والإنساني